Les 100 prénoms les plus attribués dans les années 80 - Statistiques

Statistiques générales
  • Ce quiz a été pris 9 243 fois
  • Le résultat moyen est 45 sur 100
Statistiques - réponses
Hint Réponse % Correct
58 Jean
86%
10 Marie
86%
9 Julie
83%
35 Pierre
76%
93 Laure
73%
2 Julien
70%
1 Nicolas
69%
13 Stéphanie
67%
16 Thomas
67%
28 Sophie
66%
75 Anne
65%
11 Alexandre
64%
44 Stéphane
64%
25 Christophe
62%
31 Kévin
61%
4 Sébastien
61%
64 Antoine
60%
3 Aurélie
59%
12 David
59%
5 Emilie
59%
69 François
59%
63 Laura
59%
7 Céline
57%
39 Olivier
57%
57 Sandrine
57%
33 Caroline
56%
55 Laurent
56%
70 Nathalie
56%
61 Pauline
55%
8 Guillaume
54%
79 Camille
53%
87 Isabelle
53%
23 Mathieu
53%
20 Vincent
53%
15 Romain
52%
37 Frédéric
51%
77 Lucie
51%
6 Elodie
50%
40 Maxime
50%
42 Marion
49%
67 Christelle
48%
41 Fabien
48%
71 Hélène
48%
17 Anthony
47%
60 Cécile
47%
26 Jérôme
47%
83 Marine
47%
76 Charlotte
46%
91 Emmanuel
46%
29 Damien
45%
24 Virginie
45%
53 Claire
44%
84 Clément
44%
65 Alexandra
43%
21 Jérémy
43%
80 Sarah
43%
14 Audrey
42%
36 Benjamin
42%
19 Cédric
42%
30 Mélanie
42%
68 Amélie
41%
92 Xavier
41%
50 Benoît
40%
86 Florent
40%
56 Florian
40%
98 Franck
40%
78 Sandra
39%
46 Arnaud
36%
51 Delphine
34%
89 Emmanuelle
34%
34 Vanessa
34%
99 Yann
34%
27 Mickaël
33%
52 Sylvain
33%
82 Adrien
32%
43 Grégory
32%
48 Jessica
32%
54 Aurélien
31%
49 Amandine
30%
22 Jonathan
30%
38 Ludovic
30%
66 Matthieu
30%
18 Laetitia
29%
90 Séverine
29%
81 Fanny
28%
45 Jennifer
28%
88 Anaïs
27%
62 Michaël
27%
32 Sabrina
27%
74 Cyril
26%
85 Gaëlle
25%
72 Loïc
25%
94 Rémi
25%
100 Magali
24%
95 Yannick
23%
97 Sonia
22%
59 Cindy
21%
96 Adeline
20%
47 Angélique
20%
73 Aurore
20%
Aucun quiz correspondant
Distribution des résultats
% des personnes avec chaque résultat
Percentile par nombre de réponses
Votre historique - résultats
Vous n’avez pas pris ce quiz